000 00503nam a22001937a 4500
003 MPLRDC
005 20220104193708.0
008 210129b ||||| |||| 00| 0 eng d
020 _a978-962-8904-37-2
082 _a610 GSD v.3
100 _a龚书铎、刘德麟 主编
245 _a秦.汉
_c
250 _a一版一刷
260 _a香港
_b智能教育出版社
_c2014
300 _b
490 _a图说中国: 03
650 _a中国通史--秦、汉时代
942 _cBK
_o610 GSD v.3
999 _c65322
_d65312